000 00533 a2200145 4500
999 _c941
_d941
020 _a0844566527
050 _aG126. SWA1987
100 _aSwanson James
_d1959-
245 _aLaidlaw world geography :
_ba physical and cultural approach /
_cJames L Swanson; Laidlaw Brothers.
264 _aRiver Forest, Ill. :
_b Laidlaw Bros.,
_c1987
300 _a656, T1-T128 pages : illustrations (some color), color maps ; 26 cm
500 _aIncludes index.
650 _aGeography -- Study and teaching (Secondary)
942 _2lcc
_cBK
_h126
_iSWA
_kG